|
|
|
|
| LEADER |
00000cam a2200000 7i4500 |
| 001 |
0000278562 |
| 005 |
20200219103923.0 |
| 020 |
|
|
|a 9781841357218
|
| 090 |
0 |
0 |
|a JF
|b FIR
|
| 245 |
0 |
0 |
|a First number
|c illustrated by; Duck Egg Blue
|
| 260 |
|
|
|a Nottinghamshire :
|b Award Publications Limited ,
|c 2009
|
| 300 |
|
|
|a 1v.(unpaged) :
|b col.ill. ;
|c 11cm.
|
| 490 |
0 |
|
|a Rainbow Chunkies
|
| 500 |
|
|
|a Play & Learn Library
|
| 521 |
|
|
|a Aged 1+
|
| 650 |
|
0 |
|a Children's stories
|
| 700 |
1 |
|
|a Blue, Duck Egg
|
| 999 |
|
|
|a 00380315
|b BUKU
|c PINJAMAN
|e PERPUSTAKAAN KOMUNITI CAW BANDAR UTAMA
|
| 999 |
|
|
|a 00380316
|b BUKU
|c PINJAMAN
|e PERPUSTAKAAN KOMUNITI CAW BANDAR UTAMA
|
| 999 |
|
|
|a 00380317
|b BUKU
|c PINJAMAN
|e PERPUSTAKAAN KOMUNITI PETALING JAYA
|
| 999 |
|
|
|a 00380318
|b BUKU
|c PINJAMAN
|e PERPUSTAKAAN KOMUNITI PETALING JAYA
|